000 00367nam a22001697a 4500
003 SGT
020 _a9788131269411
082 _a612.015
_bB21S
100 _aSATYANARAYANA,U.
245 _aBIOCHEMISTRY
250 _a6TH
260 _aINDIA
_bELSEVIER
_c2021
300 _a777
650 _aBIOCHEMISTRY
653 _aCHEMISTRY, BIOCHEMISTRY
942 _2ddc
_cBK
_06
999 _c29100
_d29100